Score 0/20 Timer 05:00
1 Play Today
% Correct
Fred is 3
95.1%
Wednesday is 5
90.7%
Maggie is 4
90.3%
Jake is 2
88.6%
Robert is 4
86.4%
A.J. is 3
84.6%
Peggy is 4
82.1%
Brian is 1
80.6%
Darlene is 2
74.2%
Kris is 3
74%
% Correct
Hank is 1
72.1%
Ashley is 5
71.9%
Brad is 1
70.9%
Marion is 1
70.6%
Rudy is 6
70.6%
Judy is 3
65.2%
Peter is 5
60.9%
Reese is 4
53.9%
Lily is 2
47.2%
Harry is 1
46.5%
Remove Ads.
Support Sporcle.
Get the best of Sporcle when you Go Orange. This ad-free experience offers more features, more stats, and more fun while also helping to support Sporcle. Thank you for becoming a member.

You're not logged in!

Compare scores with friends on all Sporcle quizzes.
OR
Log In

Show Comments

Extras

Top Quizzes Today


Score Distribution

Your Account Isn't Verified!

In order to create a playlist on Sporcle, you need to verify the email address you used during registration. Go to your Sporcle Settings to finish the process.

Report this User

Report this user for behavior that violates our Community Guidelines.

Details: